书目信息 |
| 题名: |
民族民间体育
|
|
| 作者: | 白晋湘 主编 | |
| 分册: | ||
| 出版信息: | 北京 高等教育出版社 2010 |
|
| 页数: | 337页 | |
| 开本: | 23cm | |
| 丛书名: | ||
| 单 册: | ||
| 中图分类: | G852.9 | |
| 科图分类: | ||
| 主题词: | 民族形式体育--中国--高等学校--教材 , 民族形式体育 | |
| 电子资源: | ||
| ISBN: | 978-7-04-029731-7 | |
| 000 | 00852nam0 2200253 45 | |
| 001 | 1138483016 | |
| 005 | 20110419100341.75 | |
| 010 | @a978-7-04-029731-7@dCNY27.80 | |
| 100 | @a20110409d2010 em y0chiy50 ea | |
| 101 | 0 | @achi |
| 102 | @aCN@b110000 | |
| 105 | @aa z 000yy | |
| 106 | @ar | |
| 200 | 1 | @a民族民间体育@AMin Zu Min Jian Ti Yu@f白晋湘主编@FBai Jin Xiang Zhu Bian |
| 210 | @a北京@c高等教育出版社@d2010 | |
| 215 | @a337页@c图@d23cm | |
| 300 | @a普通高等学校民族传统体育专业主干课教材 | |
| 330 | @a本书主要介绍了我国民族民间体育竞赛和健身娱乐项目的基本技术与战术、教学与训练方法、竞赛基本规则与裁判方法。 | |
| 606 | 0 | @a民族形式体育@y中国@x高等学校@j教材 |
| 606 | 0 | @a民族形式体育 |
| 690 | @aG852.9@v4 | |
| 701 | 0 | @a白晋湘@ABai Jin Xiang@f(1962~)@4主编 |
| 801 | 0 | @aCN@bTANGWEI@c20110419 |
| 905 | @b0536113-17@dG852.9@e270@f5 | |
| 民族民间体育/白晋湘主编.-北京:高等教育出版社,2010 |
| 337页:图;23cm |
| 普通高等学校民族传统体育专业主干课教材 |
| ISBN 978-7-04-029731-7:CNY27.80 |
| 本书主要介绍了我国民族民间体育竞赛和健身娱乐项目的基本技术与战术、教学与训练方法、竞赛基本规则与裁判方法。 |
| ● |
| 相关链接 |
|
|
|
|
正题名:民族民间体育
索取号:G852.9/270
 
预约/预借
| 序号 | 登录号 | 条形码 | 馆藏地/架位号 | 状态 | 备注 |
| 1 | 0536113 | 205361133 | 第一样本阅览室/ [索取号:G852.9/270] | 在馆 | |
| 2 | 0536114 | 205361142 | 第四借阅区/ [索取号:G852.9/270] | 在馆 | |
| 3 | 0536115 | 205361151 | 第四借阅区/ [索取号:G852.9/270] | 在馆 | |
| 4 | 0536116 | 205361160 | 第四借阅区/ [索取号:G852.9/270] | 在馆 | |
| 5 | 0536117 | 205361179 | 第四借阅区/ [索取号:G852.9/270] | 在馆 |